000 00969nac a22002891i 4500
003 EG-ScBUE
005 20241215120247.0
008 241215s1998 njua f b 001 0 eng d
020 _a0023984155
020 _a9780023984150
040 _aEG-ScBUE
_beng
_erda
_cEG-ScBUE
_dEG-ScBUE
082 0 4 _a519.7
_bRAR
_222
100 1 _aRardin, Ronald L.,
_eauthor.
245 1 0 _aOptimization in operations research /
_cRonald L. Rardin, Purdue University.
264 1 _aUpper Saddle River, N.J. :
_bPrentice Hall,
_c[1998]
264 4 _cc1998
300 _axvi, 919 pages :
_billustrations ;
_c24 cm
336 _2rdacontent
_atext
_btxt
337 _aunmediated
_2rdamedia
_bn
338 _avolume
_bnc
_2rdacarrier
504 _aIncludes bibliographical references and index.
650 7 _aProgramming (Mathematics)
_2BUEsh
650 7 _aOperations research.
_2BUEsh
650 7 _aMathematical optimization.
_2BUEsh
655 _vReading book
942 _cBB
_2ddc
999 _c1174
_d1174